000 01229cam a2200145 4500500
005 20251214002040.0
041 _afre
042 _adc
100 1 0 _aLibourel, Éloïse
_eauthor
700 1 0 _aSchorung, Matthieu
_eauthor
245 0 0 _aGéographie de l'Europe
260 _bArmand Colin,
_c2024.
520 _aL’Europe est un continent aux frontières floues, souvent disputées, et un espace composé d’un mélange d’identités, de peuplements, de langues.Cet ouvrage vise d’abord à analyser les caractéristiques physiques, sociales, démographiques et économiques de cet espace, pivot majeur de la mondialisation. Il cherche ensuite à réfléchir à la place qu’occupe l’Europe dans la mondialisation, dans le jeu géopolitique et géostratégique global ainsi qu’aux forces et aux faiblesses de l’Europe. Enfin, il s’agit de penser les évolutions de la construction européenne qui vise à construire un espace européen uni/uniformisé mais cette construction est sujette depuis plus d’une décennie à une succession de crises qui remettent en cause jusqu’à son existence.
856 4 1 _uhttps://shs.cairn.info/geographie-de-l-europe--9782200637064?lang=fr&redirect-ssocas=7080
999 _c1566706
_d1566706